书目信息 |
| 题名: |
大自然兵法
|
|
| 作者: | 涂方祥 , 管仲连 著 | |
| 分册: | ||
| 出版信息: | 北京 化学工业出版社 2006 |
|
| 页数: | 196页 | |
| 开本: | 21cm | |
| 丛书名: | ||
| 单 册: | ||
| 中图分类: | Q94-49 , Q95-49 | |
| 科图分类: | ||
| 主题词: | 植物--zhi wu--普及读物 , 动物--dong wu--普及读物 | |
| 电子资源: | ||
| ISBN: | 7-5025-7909-5 | |
| 000 | 00857nam0 2200265 45 | |
| 001 | 012006000794 | |
| 005 | 20061116100938.43 | |
| 010 | @a7-5025-7909-5@dCNY16.00 | |
| 100 | @a20060516d2006 em y0chiy0121 ea | |
| 101 | 0 | @achi |
| 102 | @aCN@b110000 | |
| 105 | @aa z 000yy | |
| 200 | 1 | @a大自然兵法@Ada zi ran bing fa@f涂方祥, 管仲连著 |
| 210 | @a北京@c化学工业出版社@d2006 | |
| 215 | @a196页@c图@d21cm | |
| 306 | @a由嘉汉生态文化基金资助出版 | |
| 330 | @a野生动植物也会使美人计吗?自然界也有骗子吗?动物也懂孙子兵法吗?大自然中的弱者如何生存......这本书可以告诉你这些问题的答案。 | |
| 606 | 0 | @a植物@Azhi wu@j普及读物 |
| 606 | 0 | @a动物@Adong wu@j普及读物 |
| 690 | @aQ94-49@v4 | |
| 690 | @aQ95-49@v4 | |
| 701 | 0 | @a涂方祥@Atu fang xiang@4著 |
| 701 | 0 | @a管仲连@Aguan zhong lian@4著 |
| 801 | 0 | @aCN@c20061116 |
| 905 | @apdsgxy@dQ94-49@eT900 | |
| 大自然兵法/涂方祥, 管仲连著.-北京:化学工业出版社,2006 |
| 196页:图;21cm |
| ISBN 7-5025-7909-5:CNY16.00 |
| 野生动植物也会使美人计吗?自然界也有骗子吗?动物也懂孙子兵法吗?大自然中的弱者如何生存......这本书可以告诉你这些问题的答案。 |
| ● |
| 相关链接 |
|
|
|
正题名:大自然兵法
索取号:Q94-49/T900
 
预约/预借
| 序号 | 登录号 | 条形码 | 馆藏地/架位号 | 状态 | 备注 |
| 1 | 639120 | 206391206 | 自科库401/401自科库 34排3列5层/ [索取号:Q94-49/T900] | 在馆 | |
| 2 | 639121 | 206391215 | 期刊室512/401自科库 34排3列4层/ [索取号:Q94-49/T900] | 在馆 | |
| 3 | 639122 | 206391224 | 期刊室512/401自科库 34排3列4层/ [索取号:Q94-49/T900] | 在馆 |